000 00747nam a22002177a 4500
003 OSt
005 20250718032007.0
008 250718b |||||||| |||| 00| 0 eng d
020 _a 9789712379062
040 _aDWCL-Main lib
_cOC
082 _aFil. 371.9 C112a 2016
100 _aCaballa, Genevieve Rivadelo
245 _a Authentic assessment of the child with special needs/
_cGenevieve Rivadelo Caballa
250 _aFirst edition
260 _aManila :
_b Rex Book Store,
_cc2016.
300 _a vi, 165 pages :
_billustrations;
_c26 cm.
504 _aIncludes index.
650 _a1. Children with special needs--Education.
650 _a2. Needs assessment--Children--Education.
942 _2ddc
_cBK - FIL
_eFirst edition
_kFil.
_n0
999 _c3754
_d3754